Las jarchas romances de la serie árabe en su marco (Record no. 185881)
[ view plain ]
| 000 -LEADER | |
|---|---|
| campo de control de longitud fija | 00977nam a2200253 i 4500 |
| 001 - NÚMERO DE CONTROL | |
| campo de control | 185881 |
| 003 - IDENTIFICADOR DE NÚMERO DE CONTROL | |
| campo de control | SpMaBN |
| 005 - FECHA Y HORA DE LA ÚLTIMA TRANSACCIÓN | |
| campo de control | 20251004063228.0 |
| 008 - DATOS DE LONGITUD FIJA--INFORMACIÓN GENERAL | |
| campo de control de longitud fija | 160817s1975 sp |||| | spa d |
| 020 ## - NÚMERO INTERNACIONAL ESTÁNDAR DEL LIBRO | |
| Número Internacional Estándar del Libro | 84-322-3833-3 |
| 080 ## - NÚMERO DE LA CLASIFICACIÓN DECIMAL UNIVERSAL | |
| Número de la Clasificación Decimal Universal | 821.134.2(460=411.21)-14.09 |
| 100 1# - ENTRADA PRINCIPAL--NOMBRE DE PERSONA | |
| Nombre de persona | García Gómez, Emilio, |
| Fechas asociadas al nombre | 1905-1995 |
| 9 (RLIN) | 54690 |
| 245 14 - MENCIÓN DEL TÍTULO | |
| Título | Las jarchas romances de la serie árabe en su marco |
| Resto del título | : edición en caracteres latinos, versión española en calco rítmico y estudio de 43 moaxajas andaluzas / |
| Mención de responsabilidad, etc. | Emilio García Gómez. |
| 250 ## - MENCION DE EDICION | |
| Mención de edición | 2ª ed. |
| 260 ## - PUBLICACIÓN, DISTRIBUCIÓN, ETC. | |
| Lugar de publicación, distribución, etc. | Barcelona : |
| Nombre del editor, distribuidor, etc. | Seix Barral, |
| Fecha de publicación, distribución, etc. | 1975. |
| 300 ## - DESCRIPCIÓN FÍSICA | |
| Extensión | 463 p. ; |
| Dimensiones | 20 cm. |
| 490 1# - MENCIÓN DE SERIE | |
| Mención de serie | Biblioteca breve de bolsillo. |
| -- | Serie Mayor ; |
| Designación de volumen o secuencia | 29 |
| 500 ## - NOTA GENERAL | |
| Nota general | Glosario. |
| 500 ## - NOTA GENERAL | |
| Nota general | Índices. |
| 650 #7 - PUNTO DE ACCESO ADICIONAL DE MATERIA--TÉRMINO DE MATERIA | |
| Término de materia o nombre geográfico como elemento de entrada | Jarchas- |
| Subdivisión de forma | Historia y crítica. |
| 9 (RLIN) | 13932 |
| 830 0# - PUNTO DE ACCESO ADICIONAL DE SERIE-TÍTULO UNIFORME | |
| Título uniforme | Biblioteca breve de bolsillo. |
| -- | Serie Mayor ; |
| Designación de volumen o secuencia | 29 |
| 9 (RLIN) | 181997 |
| 852 ## - LOCALIZACIÓN | |
| Ubicación | ES-MaACL |
| Número de control de estantería | L-30567 |
| Nota libre | . - Donat. Miguel A. Velasco |
| Estatus retirado | Estado de pérdida | Estado de daño | No para préstamo | Biblioteca de origen | Biblioteca actual | Ubicación en estantería | Fecha de adquisición | Fuente de adquisición | Total de préstamos | Signatura topográfica completa | Código de barras | Visto por última vez | Precio de reemplazo | Tipo de ítem Koha |
|---|---|---|---|---|---|---|---|---|---|---|---|---|---|---|
| Biblioteca del Ateneo de Madrid | Biblioteca del Ateneo de Madrid | Depósito 2 | 17/08/2016 | L-30567 | 1195941 | 23/02/2023 | 23/02/2023 | Libro impreso |
